LEADER 00963nam0-22003011i-450- 001 990006658570403321 005 20001010 035 $a000665857 035 $aFED01000665857 035 $a(Aleph)000665857FED01 035 $a000665857 100 $a20001010d--------km-y0itay50------ba 101 0 $aita 105 $ay-------001yy 200 1 $aCodice commentato della comunione e del condominio$eannotato articolo per articolo, con ampie note di giurisprudenza,bibliografia e dottrina$edisciplina civilistica...$fCalogero Vinci e Mario Gagliardi 205 $a2ed. 210 $aPadova$cCedam$d1990 215 $aXVI, 1697 p., 24 cm 700 1$aVinci,$bCalogero$0107166 702 1$aGagliardi,$bMario 801 0$aIT$bUNINA$gRICA$2UNIMARC 901 $aBK 912 $a990006658570403321 952 $aIV A 258$b11754$fFSPBC 959 $aFSPBC 996 $aCodice commentato della comunione e del condominio$9612549 997 $aUNINA DB $aGEN01 LEADER 01414oam 2200457zu 450 001 996209182303316 005 20210807003713.0 010 $a1-5090-7189-X 010 $a1-4244-4795-X 035 $a(CKB)2400000000002493 035 $a(SSID)ssj0000453144 035 $a(PQKBManifestationID)12201915 035 $a(PQKBTitleCode)TC0000453144 035 $a(PQKBWorkID)10472733 035 $a(PQKB)11394433 035 $a(NjHacI)992400000000002493 035 $a(EXLCZ)992400000000002493 100 $a20160829d2009 uy 101 0 $aeng 135 $aur||||||||||| 181 $ctxt 182 $cc 183 $acr 200 10$a2009 IEEE International Conference on Automation and Logistics 210 31$a[Place of publication not identified]$cI E E E$d2009 215 $a1 online resource (2014 pages) $cillustrations (some color) 300 $aBibliographic Level Mode of Issuance: Monograph 311 $a1-4244-4794-1 606 $aBusiness logistics$vCongresses 606 $aProduction management$vCongresses 606 $aAutomatic control$vCongresses 615 0$aBusiness logistics 615 0$aProduction management 615 0$aAutomatic control 676 $a658.8 702 $aIEEE Staff 801 0$bPQKB 906 $aPROCEEDING 912 $a996209182303316 996 $a2009 IEEE International Conference on Automation and Logistics$92541663 997 $aUNISA